Una deidad oriental en la España romana: el culto a Sabazios
Na minha lista:
| Autor principal: | |
|---|---|
| Formato: | Livro |
| Idioma: | espanhol |
| Publicado em: |
Madrid, España
Universidad de Madrid
1953
|
| Assuntos: | |
| Tags: |
Adicionar Tag
Sem tags, seja o primeiro a adicionar uma tag!
|
MARC
| LEADER | 00000nam a2200000 a 4500 | ||
|---|---|---|---|
| 001 | UCO1250 | ||
| 003 | CL-VaPUC | ||
| 005 | 20201027001137.0 | ||
| 008 | 000512e19530000SP |||||||||||||||||spa|d | ||
| 999 | |c 287879 |d 287877 | ||
| 040 | |c Pontificia Universidad Católica de Valparaíso | ||
| 082 | 0 | 4 | |a 936.603 GAR 1953 |2 21 |
| 100 | |a García y Bellido, Antonio |e author |9 547964 | ||
| 245 | 1 | 4 | |a Una deidad oriental en la España romana: |b el culto a Sabazios |
| 260 | |a Madrid, España |b Universidad de Madrid |c 1953 | ||
| 300 | |a pág. irreg | ||
| 583 | |a last modification |c 20000512 00:00:00 |k Rodrigo Vera | ||
| 600 | |2 SABAZIOS |x DIOSES ANTIGUOS |z ESPAÑA |9 856338 | ||
| 650 | 0 | |a Historia antigua |z ESPAÑA |9 267521 | |
| 650 | 7 | |a ESPAÑA ROMANA |2 CL-VaPUC |9 443193 | |
| 852 | |a BIBCUR | ||
| 942 | |c BK |2 ddc | ||
| 945 | |d 20000512 00:00:00 |a rherrera | ||
| 952 | |0 0 |1 0 |2 ddc |4 0 |6 936_603000000000000_GAR_1953 |7 0 |8 A |9 334959 |a BIBHIS |b BIBHIS |d 2019-11-20 |i 1269933 |o 936.603 GAR 1953 |p 1269933 |r 2023-01-25 |t 1 |w 2019-11-20 |y BK |k HIS | ||